Responses for show #1163 - Wednesday, September 27, 1989

Contestants

Cindy Armstrong, a supervisor from Surrey, British Colombia

Norm Burger, a manufacturing operations specialist originally from Watertown, Massachusetts

Marty Wazowicz, a teacher from Scranton, Pennsylvania (whose 1-day cash winnings total $9,801)

Jeopardy! Round responses

BRITISH ROYALTY
FOREIGN FESTIVALS
PSYCH 101
TV RERUNS
(Alex: We'll give you the clue, you give us the title of the original television series.)
GAMBLING
SONGS THAT "DON'T"
    $100 6
Victoria

Marty
    $100 3
Christopher Columbus

Marty
    $100 13
(Norm: What is consciousness?)

a memory

MartyNorm
    $100 8
Lassie

Marty
    $100 26
Monaco

Cindy
    $100 1
"Don't Be Cruel"

Marty
    $200 16
William and Mary

Marty
    $200 18
Switzerland

Marty
    $200 14
Freud

Marty
    $200 9
Bonanza

Marty
    $200 27
stud

Cindy
    $200 2
"Don't Call Us"

Norm
    $300 20
Princess Margaret

Marty
    $300 22
India

Cindy
    $300 15
schizophrenia

Cindy
    $300 10
Dragnet

Marty
    $300 28
Three-card Monte

Norm
    $300 4
"Don't Talk To Strangers"

Triple Stumper
    $400 21
the Archbishop of Canterbury

Norm
    $400 24
Turkey

Cindy
    $400 17
(Hermann) Rorschach

Norm
    $400 11
You Bet Your Life

Marty
    $400 29
five and five

Cindy
    $400 5
(Cindy: "Don't It Make"--What is "Don't It Make Your Brown Eyes Blue"?)
(Alex: [Hesitantly, apparently in deference to a judgment call from offstage] "Don't It Make Your"--[mumbles] More specifically, it's "What is 'Don't'--[*]?" But that's correct, you go again.)

"Don't It Make My Brown Eyes Blue"

Cindy
    $500 23
James

Marty
    $500 25
(Alex: The man's name is [*]. A minute left in the round, Cindy, you select.)

Fidel Castro

Triple Stumper
    $500 19
Carl Jung

Triple Stumper
    $500 12
Fury

Triple Stumper
    $500 30
gin rummy

Triple Stumper
    $500 7
(Marty: What is "Don't Look Back"?)

"Don't Think Twice, It's All Right"

Marty

Scores at the first commercial break (after clue 12):

Marty Norm Cindy
$800 $200 $400

Scores at the end of the Jeopardy! Round:

Marty Norm Cindy
$2,300 $1,200 $2,100

Double Jeopardy! Round responses

4-LETTER WORDS
"B" IN GEOGRAPHY
AMERICAN HISTORY
BOOKS
MUSICAL INSTRUMENTS
MIKES & MICHAELS
    $200 20
Jude

Norm
    $200 6
Bangladesh

Marty
    $200 7
the Bill of Rights

Marty
    $200 26
Harlequin

Marty
    $200 1
the baby grand

Norm
    $200 12
Michael Faraday

Norm
    $400 21
chin

Norm
    $400 17
Bulgaria

Marty
    $400 8
Alan Shepard

Marty
    $400 29
Salman Rushdie

Marty
    $400 2
four

Triple Stumper
    $400 13
(Marty: Who are Michael Keaton and Michael Gross?)

Michael Gross and Michael J. Fox

MartyNorm
    $600 22
the keep

Cindy
    $600 25
Bohemia

Norm
    $600 9
Peter Stuyvesant

Marty
    $200 28
(Norm: What is hangover?)

cholesterol

Norm
    $600 3
the brass section

Norm
    $600 14
Mike Doonesburry

Marty
    $800 23
pace

Cindy
    $800 18
Borneo

Cindy
    $800 10
(Marty: What is free?)

a slave state

Marty
Triple Stumper
    $800 27
James Thurber

Norm
    $300 4
the electric guitar

Norm
    $800 15
(Norm: Who is Michael J. Fulbright?)

Mike Mansfield

MartyNorm
    $1000 24
a dram

Norm
    $1000 19
Barbados

Norm
    $1000 11
Andrew Jackson

Marty
    $1000 30
(Tom) Clancy

Norm
    $1000 5
maracas

Norm
    $1000 16
Michael Learned

Cindy

Scores at the end of the Double Jeopardy! Round:

Marty Norm Cindy
$5,900 $7,900 $5,300

[wagering suggestions for these scores]

Final Jeopardy! Round responses

FAMOUS WOMEN
CindyWho is Mother Teresa?
$5,250
MartyWho is Mother Theresa?
$5,899
NormWho is Mother Theresa?
$3,901
Mother Teresa

Final scores:

Marty Norm Cindy
$11,799 $11,801 $10,550
2nd place: a set of golf clubs + his and her mirrored sunglasses New champion: $11,801 3rd place: a set of watches + Nintendo game system

Game dynamics:

Coryat scores:

Marty Norm Cindy
$6,400 $8,600 $5,300
23 R,
3 W
(including 1 DD)
17 R
(including 1 DD),
3 W
(including 1 DD)
11 R,
0 W

Combined Coryat: $20,300

The J! Archive is created by fans, for fans. The Jeopardy! game show and all elements thereof, including but not limited to copyright and trademark thereto, are the property of Jeopardy Productions, Inc. and are protected under law. This website is not affiliated with, sponsored by, or operated by Jeopardy Productions, Inc. Join the discussion at JBoard.tv.